000 01634nam a2200505 i 4500
001 23476
003 KOSZ 005
005 20220518102224.0
008 981023s1986 pl a |001 0 pol
015 _aUWD 1987/920
020 _a8302027006
035 _a991007071719705066
035 _a(PL-WaBN)b1183805x-48omnis_nlop
035 _ab1183805x
035 _a(OCoLC)749449783
035 _azz2007922937
035 _a(PL)b0000001183805
035 _a(EXLNZ-48OMNIS_NETWORK)9910078107305606
040 _aWA N
_cWA N
_dKOSZ 005/HR
041 0 _apol
046 _k1986
080 _a159.922.7
080 _a159.94-053.2
100 1 _aGerstmann, Stanisław
_d(1911-1983)
_eAutor
245 1 0 _aRozwój uczuć /
_cStanisław Gerstmann.
250 _aWyd. 2.
260 _aWarszawa :
_bWydawnictwa Szkolne i Pedagogiczne,
_c1986.
300 _a242, [2] s. :
_brys., wykr. ;
_c21 cm.
336 _aTekst
_btxt
_2rdacontent
337 _aBez urządzenia pośredniczącego
_bn
_2rdamedia
338 _aWolumin
_bnc
_2rdacarrier
380 _aKsiążki
388 _a1901-2000
388 _a1945-1989
490 1 _aBiblioteka Psychologiczna,
_x0239-6203 ;
_v6
504 _aBibliogr. s. 239-240. - Indeks.
650 7 _aRozwój psychofizyczny dziecka
_2DBN
650 7 _aUczucia
_2DBN
658 _aPsychologia
710 2 _aWydawnictwa Szkolne i Pedagogiczne
_4pbl
830 0 _aBiblioteka Psychologiczna
_v6
856 _uhttp://koha.tu.koszalin.pl/cgi-bin/koha/opac-detail.pl?biblionumber=23476
_yKatalog online BPK
942 _2UKD
_cKS
999 _c23476
_d23476